Pick the Sandra Bullock Movie Quiz Stats

 Plays Quiz Updated Feb 9, 2018

Challenge
Share
Tweet
Embed
Score 0/16 Timer 03:00
5 Plays Today
Question Answer Wrong Answers
Which one of these films stars Sandra Bullock? Miss Congeniality
96.9%
John Q
0.3%
Rush Hour 3
0.6%
Sahara
0.4%
Which one of these films stars Sandra Bullock? The Blind Side
96.4%
Exodus: Gods and Kings
0.7%
The Jungle Book
0.6%
GoldenEye
0.6%
Which one of these films stars Sandra Bullock? The Proposal
94.5%
Europa
1.8%
Killer Elite
1.2%
Terminator Genisys
0.8%
Which one of these films stars Sandra Bullock? Speed
91.6%
Ali
0.7%
The Siege
1.8%
Out of Sight
4.2%
Which one of these films stars Sandra Bullock? Two Weeks Notice
91.4%
Syriana
3.3%
Fargo
2.2%
Skyfall
1.3%
Which one of these films stars Sandra Bullock? Gravity
90.6%
Sleepers
4.9%
Last Man Standing
1.9%
The Chronicles of Riddick
0.8%
Which one of these films stars Sandra Bullock? While You Were Sleeping
87.2%
Erin Brockovich
6.4%
21 Jump Street
2.7%
The Last of the Mohicans
1.9%
Which one of these films stars Sandra Bullock? Practical Magic
84.4%
X-Men: Days of Future Past
1%
Like Mike
8.2%
Air Force One
4.6%
Which one of these films stars Sandra Bullock? The Lake House
82.7%
Metropolitan
7.9%
Crumb
4%
Boogie Nights
3.4%
Which one of these films stars Sandra Bullock? Hope Floats
81.5%
The Ring Two
1.9%
Zodiac
6.1%
Fast, Cheap & Out of Control
8.6%
Which one of these films stars Sandra Bullock? The Heat
77.3%
Warriors of Virtue
4%
Fallen
12%
A Beautiful Mind
4.8%
Which one of these films stars Sandra Bullock? A Time to Kill
74.8%
Rear Window
11.9%
Saving Private Ryan
3.5%
Cinderella
7.8%
Which one of these films stars Sandra Bullock? Crash
67%
The Crying Game
6.4%
Daylight
8.8%
The Story of Us
15.8%
Which one of these films stars Sandra Bullock? Extremely Loud & Incredibly Close
62.8%
Ironclad
6.1%
Black Water Transit
10.8%
Mulholland Drive
18.2%
Which one of these films stars Sandra Bullock? Murder by Numbers
56.7%
The Graduate
6.2%
Pride & Prejudice
6.7%
Open Season
28.5%
Which one of these films stars Sandra Bullock? Premonition
47.7%
28 Days Later
39.2%
Election
8.9%
Black Hawk Down
2.4%

You're not logged in!

Compare scores with friends on all Sporcle quizzes.
Join for Free
OR
Log In

You Might Also Like...

Show Comments

Extras

Top Quizzes Today


Score Distribution

Your Account Isn't Verified!

In order to create a playlist on Sporcle, you need to verify the email address you used during registration. Go to your Sporcle Settings to finish the process.

Report this User

Report this user for behavior that violates our Community Guidelines.

Details: